liverpool fc legends - Statistics

General Stats
  • This quiz has been taken 99 times
  • The average score is 9 of 15
Answer Stats
Hint Answer % Correct
#8 steven gerrard
96%
346 goals for the club ian rush
87%
only played for liverpool jamie carragher
80%
most goals in a single premier league season mo salah
79%
1983 PFA player of the year and ballon d'Or runnerup kenny dalglish
78%
zimbabwean bruce grobbelaar
65%
369 games with the club robbie fowler
60%
1st PL player ever to score 10 goals in 1 month luis suarez
58%
club's league top goal scorer. scored 3 goals in 1966 WC roger hunt
52%
the mighty mouse kevin keegan
45%
the big finn sami hyypia
44%
scored the winning goal in the 81 UCL final alan kennedy
38%
once said: "Everton are a bigger club than Liverpool. Everywhere you go on Merseyside you bump into Everton supporters." graeme souness
33%
made a record of 365 consecutive league games phil neal
33%
part of the back-to-back UCLs ray clemence
29%
No matching quizzes found
Score Distribution
Percent of People with Each Score
Percentile by Number Answered
Your Score History
You have not taken this quiz